Maiores Artilheiros do Bahia - Statistics

Estatísticas Gerais
  • Esse quiz foi jogado 30 vezes
  • A pontuação média é 9 de 36
Estatísticas das Respostas
Gols Nome do Jogador % Correto
81 Bobô
90%
106 Beijoca
65%
68 Charles
65%
125 Nonato
60%
140 Uéslei
45%
50 Zé Carlos
45%
253 Carlito
40%
211 Douglas
40%
128 Marcelo Ramos
40%
138 Osni
40%
54 Dadá Maravilha
35%
63 Cláudio Adão
30%
85 Lima Sergipano
30%
113 Biriba
25%
60 Robson
25%
85 Jorge
20%
53 Robgol
20%
56 Sandro
20%
121 Vareta
20%
116 Alencar
15%
50 Carlinhos Gonçalves
15%
79 Edinho
15%
154 Hamilton
15%
112 Izaltino
10%
77 Léo Briglia
10%
96 Zé Hugo
10%
61 Fito
5%
51 Jorge Campos
5%
53 Mário
5%
60 Marito
5%
63 Tintas
5%
50 Camerino
0%
56 Gereco
0%
55 Pedro Amorim
0%
62 Raimundo Mário
0%
56 Romeu
0%
Nenhum quiz correspondente encontrado
Distribuição das Pontuações
Porcentagem de Pessoas com Cada Pontuação
Percentil de Números Respondidos
Sua Pontuação Histórica
Você não jogou esse quiz